Champions du monde Moto A-Z - Statistiques

Statistiques générales
  • Ce quiz a été pris 32 fois
  • Le résultat moyen est 10 sur 23
Statistiques - réponses
Lettres Champions % Correct
B (11) Francesco Bagnaia / Brad Binder / Ralph Bryans / Dieter Braun / Pier Paolo Bianchi / Steve Baker /Kork Ballington / Enea Bastianini / Max Biaggi / Alvaro Bautista / Stefan Bradl
96%
R (10) Bruno Ruffo / Valentino Rossi / Jim Redman / Esteve Rabat / Phil Read / Kenny Roberts / Wayne Rainey / Dirk Raudies / Kenny Roberts Jr / José Rueda
93%
M (11) Umberto Masetti / Alex Marquez / Marc Marquez / Jorge Martin / Joan Mir / Franco Morbidelli / Anton Mang / Jorge Martinez / Marco Melandri / Jaume Masia/ Diogo Moreira
93%
Q (1) Fabio Quartararo
89%
S (12) Cecil Sandford / John Surtees / Dave Simmonds / Jarno Saarinen / Barry Sheene / Freddie Spencer /Christian Sarron / Kevin Schwantz / Kazuto Sakata / Casey Stoner / Marco Simoncelli / Julian Simon
79%
A (13) Dario Ambrosini / Fergus Anderson / Hugh Anderson / Hans-Georg Anscheidt / Giacomo Agostini /David Alonso / Pedro Acosta / Kent Andersson / Haruchika Aoki / Emilio Alzamora / Hiroshi Aoyama / Albert Arenas / Dominique Aegerter
79%
Z (1) Johann Zarco
64%
L (11) Enrico Lorenzetti / Bill Lomas / Jorge Lorenzo / Thomas Lüthi / Libero Liberati / Mario Lega /Eugenio Lazzarini / Marco Lucchinelli / Eddie Lawson / Carlos Lavado / Roberto Locatelli
57%
D (9) Geoff Duke / Ernest Degner / Jan De Vries / John Dodds / Stefan Dörflinger / Michael Doohan /Andrea Dovizioso / Mike Di Meglio / Lorenzo Dalla Porta
54%
P (10) Nello Pagani / Hermann Paul / Tarquinio Provini / Tom Phillis / Paolo Pileri / Víctor Palomo / Sito Pons /Patrick Pons / Manuel Poggiali / Dani Pedrosa
50%
H (7) Werner Haas / Rupert Hollaus / Gary Hocking / Mike Hailwood / Manuel Herreros / Tetsuya Harada /Nicky Hayden
39%
E (3) Jon Ekerold / Toni Elias / Pol Espargaro
32%
C (8) Keith Campbell / Kel Carruthers / Johnny Cecotto / Luca Cadalora / Alex Crivillé / Loris Capirossi / Sandro Cortese / Mattia Casadei
29%
G (8) Leslie Graham / Wayne Gardner / Rémy Gardner / Rodney Gould / Fausto Gresini / Alessandro Gramigni / Izan Guevara / Héctor Garzó
29%
O (1) Ai Ogura
25%
F (5) Freddie Frith / Bob Foster / Jack Findlay / Augusto Fernandez / Matteo Ferrari
25%
T (6) Luigi Taveri / Gabor Talmacsi / Nicolas Terol / Ricardo Tormo / Jean-Louis Tournadre / Jordi Torres
14%
K (4) Danny Kent / Takazumi Katayama / John Kocinski / Daijiro Kato
11%
U (2) Carlo Ubbiali / Franco Uncini
7%
J (1) Olivier Jacque
7%
N (1) Angel Nieto
4%
I (1) Bill Ivy
4%
V (3) Walter Villa / Henk van Kessel / Arnaud Vincent
4%
Aucun quiz correspondant
Distribution des résultats
% des personnes avec chaque résultat
Percentile par nombre de réponses
Votre historique - résultats
Vous n’avez pas pris ce quiz